100 Best Albums Of All Time - Statistiken

Allgemein
  • Dieses Quiz wurde 15 mal gespielt
  • Das Durchschnittsergebnis liegt bei 11 aus 100
Antwortstatistiken
Rank Album % Korrekt
#11 Abbey Road
58%
#16 Revolver
42%
#42 Sgt. Peppers Lonely Hearts Club Band
42%
#53 The Beatles (White Album)
33%
#9 The Dark Side of the Moon
33%
#6 Good Kid, M.A.A.D City
25%
#8 Madvillainy
25%
#59 Nevermind
25%
#28 Pet Sounds
25%
#1 To Pimp a Butterfly
25%
#4 Wish You Were Here
25%
#72 Donuts
17%
#33 Dummy
17%
#34 Enter the Wu-Tang (36 Chambers)
17%
#15 Illmatic
17%
#3 In Rainbows
17%
#5 In the Court of the Crimson King
17%
#70 In Utero
17%
#7 Kid A
17%
#14 Lift Yr. Skinny Fists Like Antennas to Heaven!
17%
#100 Master of Puppets
17%
#31 My Beautiful Dark Twisted Fantasy
17%
#2 OK Computer
17%
#18 Paranoid
17%
#82 Ride the Lightning
17%
#32 The College Dropout
17%
#13 The Rise and Fall of Ziggy Stardust and the Spiders from Mars
17%
#17 Vespertine
17%
#56 98.12.28 Otokotachi no Wakare
8%
#22 A Love Supreme
8%
#23 Animals
8%
#74 Ants From Up There
8%
#51 Atrocity Exhibition
8%
#66 Bitches Brew
8%
#98 Black Sabbath
8%
#57 Blackstar
8%
#46 Blonde
8%
#86 Blonde on Blonde
8%
#85 Blood on the Tracks
8%
#90 Closer
8%
#55 Close to the Edge
8%
#94 Clube da Esquina
8%
#58 Deathconsciousness
8%
#20 Disintegration
8%
#48 Either/Or
8%
#67 Endtroducing.....
8%
#49 F♯A♯∞
8%
#30 Heaven or Las Vegas
8%
#65 Highway 61 Revisited
8%
#45 Homogenic
8%
#61 Hounds of Love
8%
#84 Imaginal Disk
8%
#50 In a Silent Way
8%
#76 Late Registration
8%
#73 Led Zeppelin IV
8%
#27 Long Season
8%
#10 Loveless
8%
#63 Low
8%
#69 Master of Reality
8%
#79 Mezzanine
8%
#95 Midnight Marauders
8%
#60 Mm..Food
8%
#24 Red
8%
#12 Remain in Light
8%
#54 Selected Ambient Works 85-92
8%
#93 Since I Left You
8%
#35 Spiderland
8%
#81 Station to Station
8%
#87 Symbolic
8%
#19 The Black Saint and the Sinner Lady
8%
#80 The Doors
8%
#41 “The Glow” Pt. 2
8%
#52 The Low End Theory
8%
#38 The Money Store
8%
#40 The Queen is Dead
8%
#47 Unknown Pleasures
8%
#96 Velocity : Design : Comfort
8%
#43 What‘s Going On
8%
#91 Aquemini
0%
#89 Carrie & Lowell
0%
#44 Discovery
0%
#75 Doolittle
0%
#77 Electric Ladyland
0%
#68 Grace
0%
#29 Igor
0%
#62 Illinois
0%
#99 Innervisions
0%
#37 In the Aeroplane Over the Sea
0%
#97 Is This It
0%
#88 Karma
0%
#25 Kind of Blue
0%
#83 Laughing Stock
0%
#92 Love Deluxe
0%
#64 Marquee Moon
0%
#36 Pink Moon
0%
#26 Songs in the Key of Life
0%
#71 Soundtracks for the Blind
0%
#39 Souvlaki
0%
#78 The Downward Spiral
0%
#21 The Velvet Underground & Nico
0%
Keine übereinstimmenden Quizze gefunden
Verteilung der Resultate
Anzahl Personen mit jedem Resultat
Perzentil nach korrekt beantworteten Fragen
Ihre Resultats-Entwicklung
Sie haben dieses Quiz noch nicht gespielt